000 01162cab a22002055a 4500
001 L148296
008 090901e20090815xxka f g 000 0 eng d
035 _a(Sirsi) u148296
041 0 _aeng
110 2 _aCivil Engineering Contractors Association
_93765
245 0 0 _aConstruction recession deepens
_h[electronic resource]
260 _c2009
490 _aCECA Press Release
_v14 August 2009
520 _aReports on the Civil Engineering Contractors Association's workload trend survey for the second quarter 2009. Highlights that workloads reduced considerably during this period confirming the trend of recession. Wales shows a sharp deterioration in the amount of workloads, while Scotland experienced only a slight slowing in workloads. All the firms in the survey register less workload than compared with the results of July 2008. Results of the railways sector also show a negative balance.
590 _aKA NTK
651 4 _aUnited Kingdom
_y
690 _aBUILT ENVIRONMENT-CONSTRUCTION MARKET
856 4 0 _uhttps://www.ceca.co.uk/NewsDetail.aspx?NewsID=234&NewsTypeID=3
_zView the press release free of charge at www.ceca.co.uk...
942 _n0
999 _c81774
_d81774